Životné minimum od 1. 7. 2012 a čo ovplyvní jeho zvýšenie

Zmeny účinné od 1. júla 2012. Zvýšenie daňového bonusu. Príspevky pre zdravotne postihnutých a ich opatrovateľov. Náhradné výživné pre dieťa. Úhrady v zariadeniach sociálnych služieb. Mzda alebo odmena nezamestnaného od 1. júla 2012. Zmeny účinné od 1. septembra 2012. Dávka a príspevky v hmotnej núd...

Descrizione completa

Salvato in:
Dettagli Bibliografici
Autore principale: Špániková, Bibiána
Natura: Capitolo di libro
Lingua:slovacco
Soggetti:
Tags: Aggiungi Tag
Nessun Tag, puoi essere il primo ad aggiungerne!!

MARC

LEADER 00000naa a2200000 4500
001 0157379
005 20231109103521.6
041 0 |a slo 
044 |a SK 
245 1 0 |a Životné minimum od 1. 7. 2012 a čo ovplyvní jeho zvýšenie  |c Bibiána Špániková 
520 |a Zmeny účinné od 1. júla 2012. Zvýšenie daňového bonusu. Príspevky pre zdravotne postihnutých a ich opatrovateľov. Náhradné výživné pre dieťa. Úhrady v zariadeniach sociálnych služieb. Mzda alebo odmena nezamestnaného od 1. júla 2012. Zmeny účinné od 1. septembra 2012. Dávka a príspevky v hmotnej núdzi. Priznávanie sociálneho štipendia študentom vysokých a stredných škôl. Zmeny účinné od 1. januára 2013. 
610 2 0 |a dávky 
610 2 0 |a dávky sociálne 
610 2 0 |a príjmy 
610 2 0 |a osoby fyzické 
610 2 0 |a deti 
610 2 0 |a dospelí 
610 2 0 |a nezamestnanosť 
610 2 0 |a núdza hmotná 
610 2 0 |a príspevky štátne 
100 1 |a Špániková, Bibiána